000 00360nam a2200145 i 4500
001 bg
100 1 _aSTRZAŁKO, J.
245 0 _aZadania z wybranych zagadnień mechaniki /
_cJ. Strzałko, B. Mianowski.
260 _aŁódź,
_c1985.
700 1 _aMIANOWSKI, B.
040 _cBPK
041 _apol
942 _cKS
008 s pl f |000 0 pol
999 _c2961
_d2961
856 _uhttp://koha.tu.koszalin.pl/cgi-bin/koha/opac-detail.pl?biblionumber=2961
_yKatalog online BPK